000 00612nam a22001697a 4500
005 20260226153934.0
008 260226b |||||||| |||| 00| 0 eng d
020 _a978-1-78528-458-8
050 _aTK 5105.875 .I57 P73 2016
100 _aPRASAD , PRAKHAR
245 _aMASTERING MODERN WEB PENETRATION TESTING: MASTER THE ART OF CONDUCTING MODERN PEN TESTING ATTACKS AND TECHNIQUES ON YOUR WEB APPLICATION BEFORE THE HACKER DOES!
260 _aBIRMINGHAM.
_bPACKT.
_c2016.
300 _aXV, 275P, :ILL
500 _aINCLUIDES INDEX
650 _aMASTERING MODERN WEB PENETRATION TESTING
942 _2lcc
_cBK
999 _c216710
_d216710